[Event "New Year op"]
[Site "Richmond CAN"]
[Date "2025.01.02"]
[Round "4.3"]
[White "Jiang, Kate"]
[Black "Xu, Justin"]
[Result "1/2-1/2"]
[WhiteElo "2001"]
[BlackElo "2176"]
[WhiteFideId "-1"]
[WhiteFideId "-1"]
[PlyCount "133"]
[GameId "2140093881563665"]
[EventDate "2025.01.02"]
[EventType "swiss"]
[EventRounds "9"]
[EventCountry "CAN"]

1. e4 c5 2. c3 d5 3. exd5 Qxd5 4. d4 Nf6 5. Nf3 e6 6. Be2 Be7 7. O-O O-O 8. Ne5 cxd4 9. cxd4 Qd8 10. Nc3 Bd7 11. Bf3 Bc6 12. Nxc6 Nxc6 13. d5 Nxd5 14. Nxd5 exd5 15. Bxd5 Bf6 16. Bxc6 bxc6 17. Qc2 Qc7 18. Be3 Rab8 19. Rab1 h6 20. b4 Be5 21. h3 a5 22. a3 axb4 23. axb4 Bd6 24. Qe4 Qe7 25. Qxc6 Bxb4 26. Bf4 Rbc8 27. Qf3 Bd6 28. Rb7 Qf6 29. Bxd6 Qxd6 30. Rd1 Qc6 31. Qb3 Qc4 32. Qxc4 Rxc4 33. Rdd7 Rc1+ 34. Kh2 Rc3 35. f3 g6 36. Kg3 Kg7 37. Ra7 Rc2 38. Rab7 h5 39. h4 Rc6 40. Ra7 Rf6 41. Rab7 Re8 42. Re7 Rf8 43. Red7 Rf5 44. Ra7 Re5 45. Rab7 Kf6 46. Ra7 Re6 47. Rab7 Kg7 48. Ra7 Re5 49. Rab7 Rf5 50. Ra7 Rg8 51. Rd4 Rf8 52. Rb7 Kg8 53. Rdd7 Rc8 54. Rdc7 Rd8 55. Rd7 Rf8 56. Ra7 g5 57. hxg5 Rxg5+ 58. Kh3 Kg7 59. Rab7 Kg8 60. Ra7 Kg7 61. Rab7 Kg6 62. Ra7 Rf5 63. Rab7 Rg8 64. Ra7 Rg7 65. Rd6+ Kh7 66. Raa6 Rg6 67. Rxg6 1/2-1/2

[Event "New Year op"]
[Site "Richmond CAN"]
[Date "2025.01.03"]
[Round "4.4"]
[White "Doknjas, Neil"]
[Black "Taylor, Ashton"]
[Result "1-0"]
[WhiteElo "2248"]
[BlackElo "2090"]
[WhiteFideId "-1"]
[WhiteFideId "-1"]
[PlyCount "39"]
[GameId "2140093881563666"]
[EventDate "2025.01.02"]
[EventType "swiss"]
[EventRounds "9"]
[EventCountry "CAN"]

1. Nf3 c5 2. g3 Nc6 3. Bg2 e5 4. c4 g6 5. Nc3 Bg7 6. d3 Nge7 7. Bd2 d5 8. cxd5 Nxd5 9. Nxe5 Nxc3 10. Bxc6+ bxc6 11. Bxc3 Bxe5 12. Bxe5 Qd5 13. Bxh8 Qxh1+ 14. Kd2 Qxh2 15. Qa4 Kd7 16. Qf4 Qh3 17. Qxf7+ Kd6 18. f4 Be6 19. Be5+ Kd5 20. e4# 1-0

[Event "New Year op"]
[Site "Richmond CAN"]
[Date "2025.01.03"]
[Round "4.5"]
[White "Koo, Minjun"]
[Black "Chen, Yidong"]
[Result "1-0"]
[WhiteElo "1878"]
[BlackElo "2056"]
[WhiteFideId "-1"]
[WhiteFideId "-1"]
[PlyCount "121"]
[GameId "2140093881563667"]
[EventDate "2025.01.02"]
[EventType "swiss"]
[EventRounds "9"]
[EventCountry "CAN"]

1. e4 c5 2. c3 Nf6 3. e5 Nd5 4. Nf3 Nc6 5. Na3 e6 6. g3 a6 7. Bg2 Qc7 8. O-O Be7 9. Qe2 Rb8 10. Nc2 b5 11. d3 Bb7 12. c4 Ndb4 13. Nxb4 Nxb4 14. Bf4 Nc6 15. h4 h6 16. Rfe1 O-O 17. h5 d6 18. Qe3 Nxe5 19. Nxe5 Bxg2 20. Kxg2 dxe5 21. Bxe5 Bd6 22. Bc3 b4 23. Bd2 Rbd8 24. a3 a5 25. axb4 axb4 26. Qe4 Be7 27. Be3 Bf6 28. Re2 Rfe8 29. Ra6 Bd4 30. Bf4 Qe7 31. b3 Qf6 32. g4 Qh4 33. Bg3 Qe7 34. f4 Qd7 35. Bh4 Bf6 36. g5 Be7 37. Re3 Qd4 38. Kg3 Qxe4 39. dxe4 hxg5 40. fxg5 Rd1 41. Ra7 Rg1+ 42. Kf4 Rh1 43. Kg4 Kf8 44. Rd3 Rg1+ 45. Kf4 Rf1+ 46. Kg4 Rg1+ 47. Kf4 Rf1+ 48. Kg4 Rg1+ 49. Kf4 Rf1+ 50. Kg4 Rg1+ 51. Rg3 Rxg3+ 52. Bxg3 Rd8 53. Bf4 Rd1 54. Ra8+ Bd8 55. Bc7 Rg1+ 56. Kf3 Ke7 57. Bxd8+ Kd7 58. h6 gxh6 59. gxh6 Rh1 60. Bg5 f6 61. h7 1-0

[Event "New Year op"]
[Site "Richmond CAN"]
[Date "2025.01.03"]
[Round "4.6"]
[White "Qu, Leo"]
[Black "Harms, Reece"]
[Result "1-0"]
[WhiteElo "2206"]
[BlackElo "1829"]
[WhiteFideId "-1"]
[WhiteFideId "-1"]
[PlyCount "67"]
[GameId "2140093881563668"]
[EventDate "2025.01.02"]
[EventType "swiss"]
[EventRounds "9"]
[EventCountry "CAN"]

1. d4 Nf6 2. Bf4 d5 3. e3 c5 4. Nf3 Nc6 5. Nbd2 e6 6. c3 Be7 7. Ne5 O-O 8. Bd3 Qb6 9. Rb1 cxd4 10. exd4 a5 11. h4 a4 12. Rh3 a3 13. b4 Rd8 14. Kf1 Nxe5 15. dxe5 Ne4 16. Bxe4 dxe4 17. Qe2 f5 18. exf6 Bxf6 19. Nxe4 e5 20. Be3 Qc6 21. Nxf6+ Qxf6 22. Rg3 Qxh4 23. Kg1 Qf6 24. Bg5 Qf5 25. Re1 Re8 26. Qb5 Qe6 27. Bf6 Bd7 28. Rxg7+ Kh8 29. Qxd7 Qxf6 30. Rxh7+ Kg8 31. Re3 Rad8 32. Rg3+ Kf8 33. Rf3 Qxf3 34. Qg7# 1-0

[Event "New Year op"]
[Site "Richmond CAN"]
[Date "2025.01.03"]
[Round "4.7"]
[White "Williamson, Jason"]
[Black "Yang, Alexander Zirui"]
[Result "1/2-1/2"]
[WhiteElo "1852"]
[BlackElo "2014"]
[WhiteFideId "-1"]
[WhiteFideId "-1"]
[PlyCount "57"]
[GameId "2140093881563669"]
[EventDate "2025.01.02"]
[EventType "swiss"]
[EventRounds "9"]
[EventCountry "CAN"]

1. e4 c5 2. Nf3 Nc6 3. d4 cxd4 4. Nxd4 g6 5. c4 Nf6 6. Nc3 Nxd4 7. Qxd4 d6 8. Bg5 Bg7 9. Be2 O-O 10. Qd2 a5 11. O-O a4 12. a3 Qa5 13. Bh6 Qe5 14. Bxg7 Kxg7 15. Rfe1 Be6 16. Qc2 Qa5 17. Nd5 Bxd5 18. exd5 Rfc8 19. b4 Qxd5 20. Bf3 Qxc4 21. Qxc4 Rxc4 22. Bxb7 Ra7 23. Bf3 Kf8 24. Reb1 d5 25. Be2 Rc2 26. Bd1 Rc4 27. Be2 Rc2 28. Bd1 Rc4 29. Be2 1/2-1/2

[Event "New Year op"]
[Site "Richmond CAN"]
[Date "2025.01.03"]
[Round "5.2"]
[White "Xu, Justin"]
[Black "Doknjas, John"]
[Result "0-1"]
[WhiteElo "2176"]
[BlackElo "2271"]
[WhiteFideId "-1"]
[WhiteFideId "-1"]
[PlyCount "76"]
[GameId "2140093881563671"]
[EventDate "2025.01.02"]
[EventType "swiss"]
[EventRounds "9"]
[EventCountry "CAN"]

1. d4 Nf6 2. c4 e6 3. Nf3 d5 4. g3 Bb4+ 5. Bd2 Be7 6. Bg2 O-O 7. O-O c6 8. Qc2 Nbd7 9. Bf4 b6 10. Nbd2 Nh5 11. Be3 Bb7 12. Nb3 Rc8 13. Rfd1 Nhf6 14. Rac1 Ba6 15. c5 Bb5 16. Bg5 h6 17. Bxf6 Nxf6 18. e3 Ba4 19. Qc3 bxc5 20. dxc5 Ne4 21. Qd4 Bxb3 22. axb3 Bf6 23. Ne5 Nxf2 24. Kxf2 Qc7 25. Ra1 Bxe5 26. Qa4 Bxb2 27. Ra2 Qe5 28. Qxa7 Ra8 29. Qxa8 Rxa8 30. Rxa8+ Kh7 31. Bf3 Bc1 32. Rd3 Qf5 33. Ke2 e5 34. Rd1 Qc2+ 35. Ke1 Bxe3 36. Be2 Qf5 37. Rd3 Qf2+ 38. Kd1 Qg1+ 0-1

[Event "New Year op"]
[Site "Richmond CAN"]
[Date "2025.01.03"]
[Round "5.3"]
[White "Doknjas, Neil"]
[Black "Jiang, Kate"]
[Result "1/2-1/2"]
[WhiteElo "2248"]
[BlackElo "2001"]
[WhiteFideId "-1"]
[WhiteFideId "-1"]
[PlyCount "71"]
[GameId "2140093881563672"]
[EventDate "2025.01.02"]
[EventType "swiss"]
[EventRounds "9"]
[EventCountry "CAN"]

1. Nf3 d5 2. g3 Nf6 3. Bg2 c5 4. O-O Nc6 5. d4 e6 6. c4 Be7 7. dxc5 Bxc5 8. a3 a5 9. cxd5 exd5 10. Bg5 Be6 11. Nc3 Be7 12. Nd4 h6 13. Bxf6 Bxf6 14. Nxe6 fxe6 15. e4 d4 16. Qh5+ Ke7 17. Ne2 d3 18. Nf4 Ne5 19. Rfd1 Qd4 20. Rd2 Rhd8 21. Rad1 Qc4 22. Ng6+ Nxg6 23. Qxg6 Rd7 24. e5 Bxe5 25. Rxd3 Rxd3 26. Rxd3 Qc1+ 27. Bf1 Qxb2 28. Re3 Rf8 29. Be2 Qd4 30. Kg2 Qd6 31. Qe4 Bf6 32. Qxb7+ Qd7 33. Rxe6+ Kd8 34. Qb6+ Qc7 35. Rd6+ Kc8 36. Bg4+ 1/2-1/2

[Event "New Year op"]
[Site "Richmond CAN"]
[Date "2025.01.03"]
[Round "5.4"]
[White "Qu, Leo"]
[Black "Gao, Justin"]
[Result "0-1"]
[WhiteElo "2206"]
[BlackElo "1958"]
[WhiteFideId "-1"]
[WhiteFideId "-1"]
[PlyCount "153"]
[GameId "2140093881563673"]
[EventDate "2025.01.02"]
[EventType "swiss"]
[EventRounds "9"]
[EventCountry "CAN"]

1. d4 Nf6 2. c4 e6 3. Nf3 d5 4. Nc3 c6 5. e3 Nbd7 6. Be2 Be7 7. O-O O-O 8. b3 b6 9. Bd3 Bb7 10. Qe2 c5 11. Rd1 Re8 12. Bb2 Qc7 13. Rac1 Rac8 14. cxd5 Nxd5 15. Nxd5 Bxd5 16. e4 Bb7 17. Bb5 Bc6 18. dxc5 bxc5 19. Bxc6 Qxc6 20. Nd2 Nb6 21. Qg4 Bf8 22. Nf1 c4 23. Ng3 e5 24. Nf5 g6 25. Ne3 Qb5 26. Nd5 Nxd5 27. Rxd5 Qb4 28. Bc3 Qa3 29. Qd1 Qxa2 30. b4 Qb3 31. Qd2 Rb8 32. Bxe5 Rxb4 33. Qf4 Bg7 34. Rd7 c3 35. Rxc3 Qe6 36. Bxg7 Kxg7 37. Rxa7 Rxe4 38. Qxe4 Qxe4 39. Rc1 Qf4 40. Raa1 Re2 41. Rf1 h5 42. Ra3 Qe5 43. Raa1 h4 44. h3 g5 45. Rab1 g4 46. hxg4 Qf4 47. Rb3 Qxg4 48. Rf3 Qe4 49. Rh3 Rb2 50. Kh2 Rb5 51. g3 hxg3+ 52. Rxg3+ Kf8 53. Kg1 Rh5 54. Rg2 Qh4 55. f3 f5 56. Re2 f4 57. Rg2 Kf7 58. Re2 Kf6 59. Rg2 Rg5 60. Rff2 Kf5 61. Rxg5+ Qxg5+ 62. Kf1 Ke5 63. Re2+ Kd4 64. Re4+ Kd3 65. Ra4 Qb5 66. Re4 Qb1+ 67. Kf2 Qc2+ 68. Kf1 Qd1+ 69. Kf2 Qd2+ 70. Kf1 Qe3 71. Kg2 Qxe4 72. fxe4 Ke2 73. e5 f3+ 74. Kg3 f2 75. e6 f1=Q 76. Kg4 Qf6 77. Kg3 0-1

[Event "New Year op"]
[Site "Richmond CAN"]
[Date "2025.01.03"]
[Round "5.6"]
[White "Yang, Alexander Zirui"]
[Black "Huang, Weijia"]
[Result "1/2-1/2"]
[WhiteElo "2014"]
[BlackElo "1723"]
[WhiteFideId "-1"]
[WhiteFideId "-1"]
[PlyCount "42"]
[GameId "2140093881563674"]
[EventDate "2025.01.02"]
[EventType "swiss"]
[EventRounds "9"]
[EventCountry "CAN"]

1. d4 Nf6 2. c4 e6 3. Nc3 Bb4 4. f3 d5 5. a3 Bxc3+ 6. bxc3 c5 7. cxd5 Nxd5 8. dxc5 f5 9. Nh3 O-O 10. Qb3 Nc6 11. Rb1 Qa5 12. e4 fxe4 13. fxe4 Qxc3+ 14. Qxc3 Nxc3 15. Rb2 Nxe4 16. Be3 Ne5 17. Bd4 Nc6 18. Be3 Ne5 19. Bd4 Nc6 20. Be3 Ne5 21. Bd4 Rf5 1/2-1/2

[Event "New Year op"]
[Site "Richmond CAN"]
[Date "2025.01.03"]
[Round "5.7"]
[White "Taylor, Ashton"]
[Black "Yin, Andrew"]
[Result "1-0"]
[WhiteElo "2090"]
[BlackElo "1765"]
[WhiteFideId "-1"]
[WhiteFideId "-1"]
[PlyCount "115"]
[GameId "2140093881563675"]
[EventDate "2025.01.02"]
[EventType "swiss"]
[EventRounds "9"]
[EventCountry "CAN"]

1. Nf3 c5 2. c4 e6 3. g3 Nc6 4. Bg2 Nf6 5. O-O Be7 6. b3 O-O 7. Bb2 d5 8. cxd5 exd5 9. d4 Be6 10. dxc5 Bxc5 11. Nc3 Qe7 12. Na4 Bb6 13. Nxb6 axb6 14. Nd4 Rfd8 15. e3 Rac8 16. a4 Nxd4 17. Qxd4 Rc6 18. Rfc1 Rdc8 19. Bf1 Rxc1 20. Rxc1 Rxc1 21. Bxc1 Qc5 22. Bb2 h6 23. Bd3 Bd7 24. Qh4 Qd6 25. Bxf6 Qxf6 26. Qxf6 gxf6 27. Kg2 f5 28. Kf3 Kg7 29. Kf4 Kf6 30. Be2 Bc6 31. Bf3 Ke6 32. h3 b5 33. Bd1 bxa4 34. bxa4 Kf6 35. a5 Bb5 36. Bb3 Bc6 37. h4 Ke6 38. Bc2 Kf6 39. Bxf5 Bb5 40. Bc2 Bc4 41. Ba4 Ke6 42. g4 Kf6 43. Bd7 Bd3 44. Bc8 Ba6 45. h5 Ke7 46. Ke5 Kd8 47. Bf5 Ke7 48. Kxd5 f6 49. Kc5 Be2 50. Kb6 Bf3 51. e4 Kd6 52. Kxb7 Be2 53. a6 Bxa6+ 54. Kxa6 Ke5 55. Kb6 Kf4 56. Kc6 Kf3 57. Kd6 Kxf2 58. Kd5 1-0

[Event "New Year op"]
[Site "Richmond CAN"]
[Date "2025.01.03"]
[Round "6.2"]
[White "Gao, Justin"]
[Black "Nunez Asencio, Jorge"]
[Result "0-1"]
[WhiteElo "1958"]
[BlackElo "2284"]
[WhiteFideId "-1"]
[WhiteFideId "-1"]
[PlyCount "46"]
[GameId "2140093881563676"]
[EventDate "2025.01.02"]
[EventType "swiss"]
[EventRounds "9"]
[EventCountry "CAN"]

1. e4 d5 2. exd5 Qxd5 3. Nf3 Bg4 4. Be2 Nc6 5. Nc3 Qd7 6. O-O O-O-O 7. d3 e6 8. a3 Be7 9. Rb1 Nf6 10. b4 h5 11. b5 Bxf3 12. Bxf3 Nd4 13. a4 Ng4 14. Be3 Qd6 15. g3 Nxe3 16. fxe3 Nf5 17. Qd2 Qb6 18. Nd1 Bg5 19. Re1 a5 20. d4 Nxd4 21. Qg2 Nf5 22. Rb3 Rd6 23. Kh1 h4 0-1

[Event "New Year op"]
[Site "Richmond CAN"]
[Date "2025.01.03"]
[Round "6.4"]
[White "Taylor, Ashton"]
[Black "Xu, Justin"]
[Result "1/2-1/2"]
[WhiteElo "2090"]
[BlackElo "2176"]
[WhiteFideId "-1"]
[WhiteFideId "-1"]
[PlyCount "120"]
[GameId "2140093881563678"]
[EventDate "2025.01.02"]
[EventType "swiss"]
[EventRounds "9"]
[EventCountry "CAN"]

1. Nf3 d5 2. c4 e6 3. e3 Nf6 4. b3 Be7 5. Bb2 c5 6. cxd5 exd5 7. d4 O-O 8. dxc5 Bxc5 9. Be2 Nc6 10. O-O Bg4 11. Nbd2 d4 12. exd4 Nxd4 13. Bxd4 Bxd4 14. Nxd4 Qxd4 15. Bxg4 Nxg4 16. Nf3 Qf4 17. Qc1 Qf6 18. h3 Ne5 19. Nxe5 Qxe5 20. Re1 Qd6 21. Qd1 Qb6 22. Qf3 Rfe8 23. Rad1 Kf8 24. Rxe8+ Rxe8 25. Rd7 Re1+ 26. Kh2 Re7 27. Rxe7 Kxe7 28. Qe4+ Kf6 29. Qf4+ Kg6 30. g4 Qe6 31. Qd4 a6 32. Qd3+ f5 33. Qg3 fxg4 34. hxg4 Qd5 35. Qe3 Kf6 36. Qf4+ Ke6 37. Kg1 Qd1+ 38. Kg2 Qd5+ 39. Kg1 h6 40. Qe3+ Kf6 41. Qf4+ Kg6 42. Kh2 Kh7 43. f3 g5 44. Qf6 Qd7 45. Qe5 Kg6 46. Qe4+ Kf6 47. Qb4 Qc6 48. Qd4+ Ke6 49. Qe3+ Kd7 50. Kg2 Qc2+ 51. Kg3 Qd1 52. Qe4 Qd6+ 53. Kg2 b5 54. Qb7+ Ke6 55. Qe4+ Kf6 56. Qh7 Qd2+ 57. Kh3 Qxa2 58. Qxh6+ Kf7 59. Qh7+ Ke8 60. Qe4+ Kd8 1/2-1/2

[Event "New Year op"]
[Site "Richmond CAN"]
[Date "2025.01.03"]
[Round "6.5"]
[White "Yang, Henry"]
[Black "Qu, Leo"]
[Result "0-1"]
[WhiteElo "1955"]
[BlackElo "2206"]
[WhiteFideId "-1"]
[WhiteFideId "-1"]
[PlyCount "70"]
[GameId "2140093881563679"]
[EventDate "2025.01.02"]
[EventType "swiss"]
[EventRounds "9"]
[EventCountry "CAN"]

1. d4 Nf6 2. Bg5 g6 3. Bxf6 exf6 4. g3 d5 5. Bg2 c6 6. e3 h5 7. h4 Bd6 8. Ne2 Nd7 9. Nd2 f5 10. a3 Nf6 11. c4 dxc4 12. Nxc4 Bc7 13. Nc3 Be6 14. Nd2 O-O 15. O-O Ng4 16. Nb3 Bxg3 17. fxg3 Nxe3 18. Qd3 Nxf1 19. Nc5 Nxg3 20. Nxe6 fxe6 21. Qxg3 Qxd4+ 22. Kh2 Qg4 23. Qe1 Qf4+ 24. Kh1 e5 25. Ne2 Qe3 26. Rc1 Rad8 27. Rc3 Rd3 28. Rxd3 Qxd3 29. Nc1 Qd6 30. Qg3 Qd1+ 31. Kh2 Qxc1 32. Qxg6+ Kh8 33. Qd6 Qf4+ 34. Kg1 Qd4+ 35. Qxd4 exd4 0-1

[Event "New Year op"]
[Site "Richmond CAN"]
[Date "2025.01.03"]
[Round "6.6"]
[White "Golchin, Ryan"]
[Black "Yang, Alexander Zirui"]
[Result "1/2-1/2"]
[WhiteElo "1939"]
[BlackElo "2014"]
[WhiteFideId "-1"]
[WhiteFideId "-1"]
[PlyCount "46"]
[GameId "2140093881563680"]
[EventDate "2025.01.02"]
[EventType "swiss"]
[EventRounds "9"]
[EventCountry "CAN"]

1. Nf3 Nf6 2. g3 d5 3. Bg2 c5 4. O-O Nc6 5. d4 e6 6. b3 b6 7. Bb2 Bb7 8. Nbd2 Be7 9. c4 O-O 10. a3 Rc8 11. e3 Qc7 12. Qe2 Rfd8 13. Ne5 cxd4 14. Nxc6 Bxc6 15. Bxd4 dxc4 16. Nxc4 Bxg2 17. Kxg2 Qc6+ 18. Qf3 Qb5 19. Rab1 Qd5 20. Qxd5 Rxd5 21. a4 Nd7 22. Rfd1 Nc5 23. a5 b5 1/2-1/2

[Event "New Year op"]
[Site "Richmond CAN"]
[Date "2025.01.03"]
[Round "6.7"]
[White "Huang, Weijia"]
[Black "Jiang, Kate"]
[Result "0-1"]
[WhiteElo "1723"]
[BlackElo "2001"]
[WhiteFideId "-1"]
[WhiteFideId "-1"]
[PlyCount "52"]
[GameId "2140093881563681"]
[EventDate "2025.01.02"]
[EventType "swiss"]
[EventRounds "9"]
[EventCountry "CAN"]

1. e4 e5 2. Nc3 Nc6 3. g3 Nf6 4. Bg2 Bc5 5. Nge2 a5 6. O-O d6 7. d3 h6 8. h3 Be6 9. Kh2 d5 10. f4 exf4 11. Nxf4 d4 12. Nxe6 fxe6 13. Ne2 Qd7 14. a3 O-O 15. Nf4 Ne5 16. Nh5 Be7 17. Bf4 Bd6 18. Nxf6+ Rxf6 19. Qh5 Qf7 20. Qxf7+ Nxf7 21. Rae1 Bxf4 22. gxf4 e5 23. fxe5 Nxe5 24. Rf5 Re8 25. Ref1 Rc6 26. R1f2 a4 0-1

[Event "Okanagan op"]
[Site "Salmon Arm CAN"]
[Date "2025.05.02"]
[Round "1.1"]
[White "Bauschke, Heinz"]
[Black "Burrows, Zachary"]
[Result "0-1"]
[WhiteElo "1421"]
[BlackElo "2073"]
[WhiteFideId "-1"]
[WhiteFideId "-1"]
[PlyCount "52"]
[GameId "2178105534686819"]
[EventDate "2025.05.02"]
[EventType "swiss"]
[EventRounds "5"]
[EventCountry "CAN"]

1. e4 c5 2. a3 g6 3. b4 Bg7 4. c3 d5 5. exd5 Qxd5 6. Qf3 Qe5+ 7. Qe3 Qxe3+ 8. dxe3 cxb4 9. axb4 Nc6 10. Bb5 Bd7 11. Ra3 Nf6 12. Ne2 O-O 13. O-O a6 14. Ba4 Bf5 15. Bb2 Bd3 16. Re1 Ne5 17. Nd2 Rfd8 18. Nd4 Nc4 19. Nxc4 Bxc4 20. Bb3 Rac8 21. Bxc4 Rxc4 22. Nf3 Ne4 23. Rc1 Nxc3 24. Kf1 Rdc8 25. Nd4 Bxd4 26. exd4 Nb5 0-1

[Event "Okanagan op"]
[Site "Salmon Arm CAN"]
[Date "2025.05.02"]
[Round "1.2"]
[White "Goodman, Kevin"]
[Black "Englehart, Christopher"]
[Result "1-0"]
[WhiteElo "2043"]
[BlackElo "1417"]
[WhiteFideId "-1"]
[WhiteFideId "-1"]
[PlyCount "115"]
[GameId "2178105534686820"]
[EventDate "2025.05.02"]
[EventType "swiss"]
[EventRounds "5"]
[EventCountry "CAN"]

1. d4 g6 2. c4 Bg7 3. Nc3 d6 4. e4 e6 5. f4 Ne7 6. Nf3 b6 7. Be2 O-O 8. O-O c5 9. d5 exd5 10. cxd5 Nd7 11. h3 f5 12. e5 dxe5 13. d6 Nc6 14. Qd5+ Kh8 15. Qxc6 Rb8 16. fxe5 Nxe5 17. Qc7 Rb7 18. Qxd8 Rxd8 19. Bf4 Nxf3+ 20. Bxf3 Bd4+ 21. Kh1 Rbd7 22. Bc6 Rf7 23. Rfe1 Bf6 24. Rad1 Bd7 25. Bd5 Rff8 26. Bb3 g5 27. Be5 Bxe5 28. Rxe5 Rfe8 29. Rxe8+ Bxe8 30. Be6 f4 31. Ne4 Bc6 32. Nxg5 Kg7 33. Nf7 Rf8 34. d7 Bxd7 35. Rxd7 Kf6 36. Bd5 a6 37. h4 Re8 38. Rd6+ Kg7 39. Rxb6 Re1+ 40. Kh2 Rd1 41. Bb3 Rd2 42. Ng5 Rxb2 43. Rxa6 h6 44. Ne6+ Kg6 45. Nxf4+ Kf5 46. Kg3 Ke4 47. Rxh6 Rxg2+ 48. Nxg2 Kd4 49. Rd6+ Ke5 50. Rd5+ Ke4 51. Rxc5 Kd4 52. Rf5 Ke4 53. Kg4 Kd3 54. h5 Kd4 55. h6 Ke4 56. h7 Kd4 57. h8=Q+ Ke4 58. Bc2# 1-0

[Event "Okanagan op"]
[Site "Salmon Arm CAN"]
[Date "2025.05.02"]
[Round "1.3"]
[White "Bridger, James"]
[Black "Ivanescu, Matthew"]
[Result "0-1"]
[WhiteElo "1405"]
[BlackElo "1977"]
[WhiteFideId "-1"]
[WhiteFideId "-1"]
[PlyCount "70"]
[GameId "2178105534686821"]
[EventDate "2025.05.02"]
[EventType "swiss"]
[EventRounds "5"]
[EventCountry "CAN"]

1. g3 e5 2. Bg2 d5 3. d3 Nf6 4. e3 Bd6 5. Ne2 O-O 6. Nd2 c5 7. b3 Nc6 8. Bb2 Qe7 9. a3 Be6 10. h3 Nd7 11. O-O f5 12. f4 Bf7 13. Re1 Nb6 14. c4 e4 15. Qc2 Bg6 16. d4 Rac8 17. Bf1 dxc4 18. Nxc4 Nxc4 19. bxc4 Na5 20. Nc3 Bf7 21. d5 a6 22. Nb1 Qc7 23. Nd2 Be8 24. Reb1 b5 25. cxb5 axb5 26. Nb3 Nxb3 27. Qxb3 c4 28. Qc3 Rf7 29. Rd1 Qb6 30. Rac1 b4 31. axb4 Bxb4 32. Qe5 Qxe3+ 33. Kg2 c3 34. Ba3 Bxa3 35. d6 Bxc1 {Time.} 0-1

[Event "Okanagan op"]
[Site "Salmon Arm CAN"]
[Date "2025.05.03"]
[Round "2.1"]
[White "Burrows, Zachary"]
[Black "Topcu, Alp"]
[Result "1-0"]
[WhiteElo "2073"]
[BlackElo "1635"]
[WhiteFideId "-1"]
[WhiteFideId "-1"]
[PlyCount "53"]
[GameId "2178105534686822"]
[EventDate "2025.05.02"]
[EventType "swiss"]
[EventRounds "5"]
[EventCountry "CAN"]

1. e4 e5 2. d4 exd4 3. c3 dxc3 4. Bc4 Bc5 5. Nf3 Qe7 6. O-O d6 7. Nxc3 c6 8. Bg5 f6 9. Bf4 b5 10. Nxb5 cxb5 11. Bxg8 Rxg8 12. Qd5 Be6 13. Qxa8 Kf7 14. Rac1 Rc8 15. Rxc5 Nc6 16. Qxc6 Rxc6 17. Rxc6 Bc4 18. Re1 g5 19. Bxd6 Qe8 20. Rc7+ Kg6 21. e5 Qd8 22. b3 Bd5 23. Nd4 fxe5 24. Bxe5 Bf7 25. g4 Qd5 26. Rc6+ Be6 27. Rxe6+ 1-0

[Event "Okanagan op"]
[Site "Salmon Arm CAN"]
[Date "2025.05.03"]
[Round "2.2"]
[White "Toponce, Cole"]
[Black "Goodman, Kevin"]
[Result "1-0"]
[WhiteElo "1542"]
[BlackElo "2043"]
[WhiteFideId "-1"]
[WhiteFideId "-1"]
[PlyCount "91"]
[GameId "2178105534686823"]
[EventDate "2025.05.02"]
[EventType "swiss"]
[EventRounds "5"]
[EventCountry "CAN"]

1. c4 e5 2. Nc3 Bb4 3. g3 Bxc3 4. bxc3 Ne7 5. Bg2 O-O 6. d3 d6 7. Nf3 c5 8. O-O Nbc6 9. Qc2 Rb8 10. Rd1 Be6 11. Ng5 Bf5 12. e4 Bg4 13. Nf3 Qd7 14. Be3 f5 15. exf5 Qxf5 16. Ng5 h6 17. Ne4 Bxd1 18. Qxd1 Qg6 19. Rb1 Nf5 20. Bc1 Kh8 21. Nd2 Nd8 22. Be4 Ne6 23. Kh1 Ng5 24. Bg2 Ne7 25. Qe2 Qe6 26. Ne4 Nxe4 27. Bxe4 Ng8 28. Bd5 Qf5 29. Be3 Nf6 30. Bg2 Ng4 31. Rb2 b6 32. Kg1 Rf6 33. Bc1 Rbf8 34. f3 Nxh2 35. Kxh2 h5 36. Qe4 g5 37. Qxf5 Rxf5 38. Be3 g4 39. fxg4 hxg4 40. Rb1 Kg7 41. Kg1 Rb8 42. Be4 Rf7 43. Kg2 Kf8 44. Rh1 Ke7 45. Bc6 a6 46. Bg5+ 1-0

[Event "Okanagan op"]
[Site "Salmon Arm CAN"]
[Date "2025.05.03"]
[Round "2.3"]
[White "Ivanescu, Matthew"]
[Black "Burke, Reinhard"]
[Result "1-0"]
[WhiteElo "1977"]
[BlackElo "1534"]
[WhiteFideId "-1"]
[WhiteFideId "-1"]
[PlyCount "67"]
[GameId "2178105534686824"]
[EventDate "2025.05.02"]
[EventType "swiss"]
[EventRounds "5"]
[EventCountry "CAN"]

1. d4 d5 2. Bf4 Nc6 3. e3 a6 4. Nf3 e6 5. c3 h6 6. Bd3 Bd6 7. Bg3 Nf6 8. Nbd2 O-O 9. Ne5 Nd7 10. f4 f5 11. Qe2 Ncxe5 12. fxe5 Be7 13. h4 b5 14. h5 c5 15. Nf3 c4 16. Bc2 b4 17. Nh4 Bxh4 18. Bxh4 Qa5 19. Kd2 bxc3+ 20. bxc3 Nb6 21. a4 Bd7 22. Be7 Rf7 23. Bb4 Qxb4 24. cxb4 c3+ 25. Kxc3 Rc8+ 26. Kb3 Nc4 27. Bd3 Be8 28. Rhc1 Rb7 29. Bxc4 dxc4+ 30. Rxc4 Rcb8 31. g4 a5 32. b5 Bxb5 33. axb5 Rxb5+ 34. Ka4 1-0

[Event "Okanagan op"]
[Site "Salmon Arm CAN"]
[Date "2025.05.03"]
[Round "3.1"]
[White "Taylor, Gordon"]
[Black "Burrows, Zachary"]
[Result "0-1"]
[WhiteElo "1693"]
[BlackElo "2073"]
[WhiteFideId "-1"]
[WhiteFideId "-1"]
[PlyCount "96"]
[GameId "2178105534686825"]
[EventDate "2025.05.02"]
[EventType "swiss"]
[EventRounds "5"]
[EventCountry "CAN"]

1. c4 Nf6 2. d4 c5 3. d5 Ne4 4. Nc3 Qa5 5. Qc2 Nd6 6. b3 g6 7. Bd2 Bg7 8. Rc1 Na6 9. Nb5 Qb6 10. e4 O-O 11. a3 f5 12. Nxd6 Qxd6 13. Bd3 fxe4 14. Bxe4 Qf6 15. Nf3 d6 16. Bc3 Qxc3+ 17. Qxc3 Bxc3+ 18. Rxc3 Bd7 19. O-O b5 20. Ng5 Nc7 21. Ne6 Bxe6 22. dxe6 Rab8 23. Bd5 Rf5 24. Rd3 bxc4 25. bxc4 Rb2 26. f4 Nxd5 27. cxd5 c4 28. Rc3 Rxd5 29. Rxc4 Rdd2 30. Rfc1 Rxg2+ 31. Kh1 Rxh2+ 32. Kg1 Rbg2+ 33. Kf1 Re2 34. Rc8+ Kg7 35. R1c7 Rxe6 36. Rxa7 Rh4 37. Raa8 Rxf4+ 38. Kg2 Rg4+ 39. Kh3 h5 40. Rg8+ Kf6 41. Rgf8+ Ke5 42. Ra5+ d5 43. Rf3 Rf6 44. Re3+ Re4 45. Rd3 e6 46. Rb5 g5 47. Rb4 Rff4 48. Rbb3 Rh4+ 0-1

[Event "Okanagan op"]
[Site "Salmon Arm CAN"]
[Date "2025.05.03"]
[Round "3.2"]
[White "Toponce, Cole"]
[Black "Ivanescu, Matthew"]
[Result "0-1"]
[WhiteElo "1542"]
[BlackElo "1977"]
[WhiteFideId "-1"]
[WhiteFideId "-1"]
[PlyCount "60"]
[GameId "2178105534686826"]
[EventDate "2025.05.02"]
[EventType "swiss"]
[EventRounds "5"]
[EventCountry "CAN"]

1. b4 e5 2. Bb2 d6 3. d3 Nf6 4. c4 g6 5. Nc3 Bg7 6. g3 O-O 7. Bg2 c6 8. Nf3 Qe7 9. O-O Nh5 10. Qd2 f5 11. b5 Be6 12. Rab1 d5 13. cxd5 cxd5 14. e3 Nd7 15. Rfc1 Rfc8 16. a4 h6 17. Nh4 Qf7 18. Ba3 e4 19. Bf1 Ne5 20. d4 Nc4 21. Qa2 Nxa3 22. Qxa3 g5 23. Ng2 f4 24. gxf4 gxf4 25. Na2 f3 26. Rxc8+ Rxc8 27. Ne1 Bf8 28. Qb2 Qg7+ 29. Ng2 Bh3 30. Kh1 Bxg2+ 0-1